000 00761 a2200217 4500
010 _aENG-89438
020 _a812032812
_c295.00
035 _aEN-72971
037 _bDBAD / PUB
082 1 4 _a671.37
090 _c10928
_d10928
100 1 _aAngelo, P.C.
245 1 _aPower metallurgy:
_cby P.C. Angelo and R. Subramanian
_bscience, technology and applications/
260 _aNew Delhi
_bPrentice-Hall of India
_c2008
270 _aM-97, Connaught Circus
_bNew Delhi
_cDelhi
_e110001
300 _axii, 300p.
_c23 cm (pbk)
500 _aIncludes bibliographical references & index.
700 1 _dSubramanian, R.
942 _adpl
_cEN
_k671.37/ ANG
999 _c10626
_d10626